| 000 | 01362nam a22002297a 4500 | ||
|---|---|---|---|
| 005 | 20251205104253.0 | ||
| 008 | 251201b |||||||| |||| 00| 0 eng d | ||
| 020 | _a9788199171251 | ||
| 040 | _cAL | ||
| 041 | _aeng | ||
| 082 |
_a823 _bMARG |
||
| 100 |
_aJuan Antonio March _9247784 |
||
| 245 | _aGreat reset | ||
| 260 |
_aNew Delhi _bVitasta _c2025 |
||
| 300 |
_a298p _bPB _c20x13.5cm |
||
| 365 |
_2English _aXSTV-110978 _b396.00 _c₹ _d396.00 _e0% _f27-11-2025 |
||
| 520 | _aHumanity stands at the edge of a revolution. At the heart of The Great Reset is Nour, a visionary AI expert, who reveals fifteen extraordinary breakthroughs across iconic global sites--each one a portal to a radically transformed tomorrow. Yet, every step toward innovation raises a haunting question: will our political structures evolve or stumble over time? Nour's journey moves toward a dramatic climax at a pivotal United Nations summit, where the blueprint for humanity's future hangs in the balance. In the tension of those international debates lies the possibility of a unified world or the chaos of irreparable division. The Great Reset is a gripping exploration of power, progress, and survival--of how one era ends and another begins. | ||
| 650 |
_aEnglish Fiction _9247211 |
||
| 650 |
_aCTRL+ALT+HUMAN _9247220 |
||
| 650 |
_aScience Fiction _9247228 |
||
| 942 |
_2ddc _cBK |
||
| 999 |
_c240690 _d240690 |
||